Accounting theory and analysis / (Record no. 90646)

MARC details
000 -LEADER
fixed length control field 00649nam a22002057a 4500
005 - DATE AND TIME OF LATEST TRANSACTION
control field 20150109151920.0
010 ## - LCCN (DPL NO)
LC control number ENG-111556
020 ## - INTERNATIONAL STANDARD BOOK NUMBER
International Standard Book Number 9789352020072
Terms of availability 298.00
035 ## - SYSTEM CONTROL NUMBER
System control number EN-95088
037 ## - SOURCE OF ACQUISITION
Source of stock number/acquisition DBAD/PUB
082 ## - DEWEY DECIMAL CLASSIFICATION NUMBER
Classification number 657
100 ## - MAIN ENTRY--PERSONAL NAME
Personal name Madegowda,J.
245 ## - TITLE STATEMENT
Title Accounting theory and analysis /
Statement of responsibility, etc by J. Madegowda [and] Inchara P.M. Gowda
260 ## - PUBLICATION, DISTRIBUTION, ETC. (IMPRINT)
Place of publication, distribution, etc Mumbai
Name of publisher, distributor, etc Himalaya Publishing House
Date of publication, distribution, etc 2015
270 ## - ADDRESS
Address Ramdoot, Dr. Bhalerao Marg, Girgaon
City Mumbai
Postal code 400004
300 ## - PHYSICAL DESCRIPTION
Extent 359p.
Dimensions 24cm(pbk)
500 ## - GENERAL NOTE
General note Includes bibliographical references and index
700 ## - ADDED ENTRY--PERSONAL NAME
Personal name Gowda,Inchara P.M.
942 ## - ADDED ENTRY ELEMENTS (KOHA)
Source of classification or shelving scheme Dewey Decimal Classification
Item type English Books
Call number suffix MAD
Classification part 657
Holdings
Withdrawn status Lost status Not for loan Collection code Home library Current library Date acquired Source of acquisition Cost, normal purchase price Full call number Barcode Copy number Cost, replacement price Koha item type
    Not For Loan Non-fiction D.B.Act.Division D.B.Act.Division 09/01/2015 DBAD / PUB 298.00 657 MAD EN-95088 1 298.00 English Books

© Delhi Public Library
Hit Counter
free hit counter